000 00339 a2200157 4500
001 156741
020 _a9780194401111
040 _cEscola São Tomás de Aquino
100 _aWRIGHT, Craig
240 1 0 _aWe won the cup
_leng
245 1 0 _aWe won the cup
300 _a34
362 0 _a2016
697 _aLíngua inglesa
942 _cBK
999 _c156741
_d156741